000 01388cam a22001934a 4500
005 20250605164204.0
008 250528s ||||||||||||||||||||||||d
035 _a19843
040 _aGR-AtMCL
_bgre
_dGR-AtMCL
_eAACR2
245 1 _aΕσωτερική Παθολογία / Δέκατη Έκδοση.
_nΤόμος Γ'
250 _a10η
260 _bΓρηγόριος Κ. Παρισιάνος,
_c1986
300 _a3066
520 _aΔιαταραχές του Γαστρεντερικού Σωλήνα, Διαταραχες του Ηπατοχολικού Συστήματος, Διαταραχές του Παγκρέατος, Διαταραχές του Αιμοποιητικού Συστήματος, Διαταραχές των Ερυθροκυττάρων, Διαταραχές της Πήξεως, Άλλες Αιματολογικές Διαταραχές, Διαταραχές των Οστών και Μεταβολισμός των Ανόργανων Αλάτων των Οστών, Παθήσεις των Αρθρώσεων και του Συνδετικού Ιστού, Διαταραχές του Κεντρικού Νευρικού Συστήματος, Νοσήματα των Γραμμωτών Μυών, Μείζονες Ψυχιατρικές Διαταραχές.
700 1 _aHarrison T. R
_96003
942 _cBK
999 _c5089
_d5089